O Rei Bigodeira e sua banheira (Record no. 186902)

MARC details
000 -LÍDER
campo de controle de tamanho fixo 00351 a2200157 4500
001 - NÚMERO DE CONTROLE
campo de controle 186902
020 ## - ISBN - INTERNATIONAL STANDARD BOOK NUMBER
ISBN - International Standard Book Number 85-08-03275-7
040 ## - FONTE DA CATALOGAÇÃO
Instituição que transcreveu o registro Magnum
100 ## - ENTRADA PRINCIPAL--NOME PESSOAL
Nome pessoal Wood, Audrey
240 10 - TÍTULO UNIFORME
Título uniforme O Rei Bigodeira e sua banheira
Idioma da obra por
245 10 - TÍTULO
Título O Rei Bigodeira e sua banheira
300 ## - DESCRIÇÃO FÍSICA
Extensão 30
362 0# - DATAS DE PUBLICAÇÃO E/OU DESIGNAÇÃO SEQUENCIAL
Datas de publicação e/ou designação sequencial 1996
697 ## - ENTRADA DE ASSUNTO LOCAL--ENTIDADE COLETIVA (RLIN)
Nome corporativo ou nome da jurisdição LITERATURA INFANTO
942 ## - ELEMENTOS DE ENTRADA ADICIONADOS (KOHA)
Tipo de material Koha Livros
Holdings
Situação do descarte Situação das perdas Situação física Não pode ser emprestado Biblioteca de origem Biblioteca atual Data de aquisição Total de empréstimos Número de chamada completo Código de barras Data de último acesso Data do preço efetivo Tipo de material Koha
        Magnum Magnum 08/06/2024   869.1.398 MAG00055162 08/06/2024 08/06/2024 Livros
        Magnum Magnum 08/06/2024   869.1.398 MAG00055163 08/06/2024 08/06/2024 Livros
        Magnum Magnum 08/06/2024   869.1.398 MAG00055164 08/06/2024 08/06/2024 Livros